000 01710nam0a22003131 4500
001 v19\rc\1264119
005 20250618002432.0
035 _a(NLR Aleph) 004417755
090 _a4093727
_c4093727
100 _a20060306e18931893|||y0rusy50 ca
101 1 _arus
_ceng
102 _aRU
105 _ay z |||||
200 1 _a[Инструкция для агентов по коммерческой части движения (товарная служба)
_e"Rules and regulations governing freight traffic", by Alfred Fraser. New-York, 1892"]
_f[Пер. и предисл. Р. Пластунова]
210 _aКиев
_cтипо-лит. т-ва И.Н. Кушнерев и К⁰ в Москве, Киевск. отдел.
_d1893
215 _a117 с.
_d24
225 1 _aОрганизация коммерческой части движения на американских железных дорогах
_fР. Пластунова
_v1
311 _aИзвлеч. из журн. "Инженер" за 1893 г.
320 _aБиблиогр. в примеч.
454 0 _12001#$aRules and regulations governing freight traffic$fBy Alfred Fraser
_1210##$aNew-York$d1892
_1700#1$aFraser$bA.$gAlfred
_tRules and regulations governing freight traffic
_aFraser, Alfred
488 0 _12001#$aИнженер$v1893
_tИнженер
540 1 3 _aИнструкция для агентов по коммерческой части движения (товарная служба)
700 1 _aФрейзер
_bА.Л.
_gАльфред Л.
702 1 _aПластунов
_bР.
_4730
_4080
801 0 _aRU
_bNLR
_gpsbo
801 1 _aRU
_bProSoft-M
_2rusmarc
852 _aNLR
_j18.182.5.21
942 _cBOOK
980 _aNB